000 00412nam a2200181Ia 4500
001 8948
005 20260306160647.0
008 260306t1966||||xx |||||||||||||| ||spa||
041 _aESP
082 _a372
_bR86
100 _aRousseau, J. J.
_eAUT
245 0 _aÉmile ou de l éducation
260 _c1966
300 _a93 páginas :
_c17 cm.
650 _aGEN
654 _aCED
942 _cLIB
_dJUS
_fJUS
_2ddc
_n
999 _c8948
_d8948